| 000 | 02223nam a2200373 a 4500 | ||
|---|---|---|---|
| 001 | |||
| 003 | DO-SdBNP | ||
| 005 | 20220822134732.0 | ||
| 007 | |||
| 008 | 131007s2004 dr ab 001 0 spa d | ||
| 020 | _a999347911X | ||
| 040 |
_aBPMSU _bspa _cBPMSU |
||
| 082 | 4 |
_a616.025 _bB333u 2004 _222 |
|
| 245 | 1 | 0 |
_a Urgencias Médicas / _ceditor Guarocuya Batista del Villar;colaboradores Freddy Aybar Villarroel...¨[et.al] |
| 250 | _a5a. ed. | ||
| 260 |
_aSanto Domingo : _b Editora Búho, _c2004 |
||
| 300 |
_a1102 p. ; _c21 cm. _b |
||
| 500 | _aIncluye datos biográficos del autor en la solapa de la cubierta | ||
| 505 | 0 | _aVOLUMEN 2 -- Trastornos abdominales : hemorragia digestiva alta 650 -- Abdomen agudo no quirúrgico 675 -- Trastornos nefrourológicos : insuficiencia renal aguda 697 -- Cólico nefrítico 713 -- Trastornos endocrinos : los comas metabólicos del paciente diabético 723 -- Hipoglicemia 746 -- Insuficiencia suprarrenal y crisis adrenal aguda 761 -- Crisis tirotóxica 772 -- Urgencias obstétricas 788 -- Urgencias pediátricas : deshidratación aguda 834 -- Diarrea infeccionsa aguda del lactante 850 -- Fiebre en la edad pediátrica 864 -- Convulsiones en el niño 903 -- Enfermedades respiraorias del recién nacido 917 -- Urgencias cardíacas del lactante y del niño 934 -- Accidentes e intoxicaciones en niños 969 -- Urgencias pediátricas menos frecuentes 984 -- La fiebre de origen desconocido, ¿Una urgencia médica? 998 -- Coagulación intravascular diseminada 1008 -- Alteraciones del equilibrio hidromineral y ácido básico 1033 -- Algunas imágenes en urgencias-II 1080 -- Algunos valores de laboratorios normales : química sanguínea 1095 | |
| 590 | _aInventariado, 2022/VM | ||
| 650 | 4 |
_aUrgencias médicas _z _x |
|
| 650 | 4 | _aPrimeros auxilios | | |
| 700 | 1 |
_aBatista del Villar, Guarocuya _eed. |
|
| 700 | 1 |
_a Freddy Aybar Villarroel _ecolaborador |
|
| 710 | 2 | _aAsociación Médica Dominicana | |
| 910 | _a VMateo V. | ||
| 930 | 1 |
_l _m _h _8 _f _p _g |
|
| 942 |
_2ddc _cBK |
||
| 945 | _aInventariado / 2017 VM | ||
| 956 |
_a _b _c _l _h |
||
| 956 |
_a _b _c _l _h |
||
| 956 |
_a _b _c _l _h |
||
| 956 |
_aVMATEO _b10 _c20150327 _lBPMSU _h00151 |
||
| 999 |
_c14239 _d14239 |
||